Democracia sin demócratas: sobre la crisis de la democracia en América Latina

El autor plantea como América Latina vive una tendencia altamente notoria al debilitamiento de la democracia y, en consecuencia, al fortalecimiento de rasgos autoritarios en los gobiernos. Asimismo, señala que en todo el espectro de actores sociales y políticos se encuentran inclinaciones autoritari...

Olles dieđut

Furkejuvvon:
Bibliográfalaš dieđut
Materiálatiipa: Texto
Fáttát:
Fáddágilkorat: Lasit fáddágilkoriid
Eai fáddágilkorat, Lasit vuosttaš fáddágilkora!

MARC

LEADER 00000 a a2200000 04500
001 10772
003
040
245 |a Democracia sin demócratas:   |b sobre la crisis de la democracia en América Latina  
500 |a Resumen también en inglés en páginas 172  
520 |a El autor plantea como América Latina vive una tendencia altamente notoria al debilitamiento de la democracia y, en consecuencia, al fortalecimiento de rasgos autoritarios en los gobiernos. Asimismo, señala que en todo el espectro de actores sociales y políticos se encuentran inclinaciones autoritarias y conductas antidemocráticas. Ante esto, los gobiernos de izquierda enfrentan la compleja tarea de contrarrestar el fortalecimiento del autoritarismo y la antipolítica mediante el aumento de las posibilidades de participación  
650 |a DEMOCRACIA  
650 |a PARTIDOS POLITICOS  
650 |a NEOLIBERALISMO  
650 |a AUTORITARISMO  
773 |g número 197; páginas 28-40  
999 |c 26459  |d 26459